<?xml version="1.0" encoding="UTF-8"?>
<collection xmlns="http://www.loc.gov/MARC21/slim">
  <record>
    <leader>00000nam  2200000   4500</leader>
    <controlfield tag="001">INLIS000000000010871</controlfield>
    <controlfield tag="005">20210608043530</controlfield>
    <datafield tag="035" ind1="#" ind2="#">
      <subfield code="a">0010-0621000092</subfield>
    </datafield>
    <datafield tag="245" ind1="1" ind2="#">
      <subfield code="a">PERSIAPAN DAN PENYEMPURNAAN PROSES PEMBELAJARAN JARAK JAUH (PJJ) DALAM UPAYA PENINGKATAN PEMAHAMAN MAHASISWA PADA MATA KULIAH TEKNIK REAKSI KIMIA PADA PROGRAM STUDI TEKNIK KIMIA INSTITUT TEKNOLOGI KALIMANTAN /</subfield>
      <subfield code="c">Riza Alviany, S.T., M.T.</subfield>
    </datafield>
    <datafield tag="100" ind1="1" ind2="#">
      <subfield code="a">ALVIANY, Riza</subfield>
    </datafield>
    <datafield tag="250" ind1="#" ind2="#">
      <subfield code="a">1</subfield>
    </datafield>
    <datafield tag="300" ind1="#" ind2="#">
      <subfield code="a">x, 65 halaman ; lampiran :</subfield>
      <subfield code="b">ilustrasi ;</subfield>
      <subfield code="c">30 cm</subfield>
    </datafield>
    <datafield tag="260" ind1="#" ind2="#">
      <subfield code="a">Samarinda :</subfield>
      <subfield code="b">Puslatbang KDOD,</subfield>
      <subfield code="c">2020</subfield>
    </datafield>
    <datafield tag="084" ind1="#" ind2="#">
      <subfield code="a">LATSAR 526 2020</subfield>
    </datafield>
    <datafield tag="650" ind1="#" ind2="#">
      <subfield code="a">Pelatihan Dasar</subfield>
    </datafield>
    <datafield tag="650" ind1="#" ind2="#">
      <subfield code="a">Laporan Aktualisasi</subfield>
    </datafield>
    <datafield tag="650" ind1="#" ind2="#">
      <subfield code="a">teknologi informasi</subfield>
    </datafield>
    <datafield tag="650" ind1="#" ind2="#">
      <subfield code="a">inovasi pembelajaran</subfield>
    </datafield>
    <datafield tag="650" ind1="#" ind2="#">
      <subfield code="a">ilmu kimia</subfield>
    </datafield>
    <datafield tag="650" ind1="#" ind2="#">
      <subfield code="a">perguruan tinggi</subfield>
    </datafield>
    <datafield tag="520" ind1="#" ind2="#">
      <subfield code="a">Laporan Aktualisasi Pelatihan Dasar ini didasarkan pada ketidakpastian dalam proses pembelajaran jarak jauh mata kuliah Teknik reaksi Kimia,  sehingga dibuat empat kegiatan berdasarkan nilai ANEKA (Akuntabilitas, Nasionalisme, Etika public, Komitmen Mutu dan Anti korupsi), yaitu: melakukan evaluasi terkait proses  pembelajaran jarak jauh dan strategi mosel pembelajaran yang diterapkan, mendesain rancangan pembelajaran yang terdiri dari instrument perangkat pembelajaranm serta instrument evaluasi, mempersiapkan platform e-learning sebagai salah satu media pembelajaran jarak jauh, dan mempersiapkan buku saku mata kuliah Teknik Kimia untuk mahasiswa. Kegiatan ini dilaksanakan dari tanggal 27 Juli 2020-25 September 2020.</subfield>
    </datafield>
    <datafield tag="500" ind1="#" ind2="#">
      <subfield code="a">Coach : Lina Maulana, S.Sos., MPP&#13;
Penguji : Dr. Giri Saptoaji, SS., MA&#13;
Mentor : Adrian Gunawan, S.Si., M.Si</subfield>
    </datafield>
  </record>
</collection>
